<?xml version='1.0' encoding='UTF-8'?>
  <record xmlns="http://www.loc.gov/MARC21/slim">
    <leader>00000cam a2200000 i 4500</leader>
    <controlfield tag="001">ocm68177934</controlfield>
    <controlfield tag="003">OCoLC</controlfield>
    <controlfield tag="005">20240626103903.0</controlfield>
    <controlfield tag="008">971002s1873    ne            000 0 dut d</controlfield>
    <datafield tag="040" ind1=" " ind2=" ">
      <subfield code="a">NLGGC</subfield>
      <subfield code="b">dut</subfield>
      <subfield code="e">fobidrtb</subfield>
      <subfield code="c">NLGGC</subfield>
      <subfield code="d">OCLCL</subfield>
      <subfield code="d">OCLCQ</subfield>
    </datafield>
    <datafield tag="029" ind1="0" ind2=" ">
      <subfield code="a">NLGGC</subfield>
      <subfield code="b">162159862</subfield>
    </datafield>
    <datafield tag="035" ind1=" " ind2=" ">
      <subfield code="a">(OCoLC)68177934</subfield>
    </datafield>
    <datafield tag="100" ind1="1" ind2=" ">
      <subfield code="a">Inconnu, N.,</subfield>
      <subfield code="c">pseud. van ...</subfield>
    </datafield>
    <datafield tag="245" ind1="1" ind2="0">
      <subfield code="a">Aan alle eigenaren van gebouwen, waarschuwing tegen het Wetsontwerp tot Herziening der kadastrale huurwaarde /</subfield>
      <subfield code="c">door den schrijver van de "Proeve van een gewijzigd stelsel van Directe Belastingen in Nederland", aangeboden in Juni 1872 aan de Leden der Eerste en der Tweede Kamer van de Staten-Generaal.</subfield>
    </datafield>
    <datafield tag="260" ind1=" " ind2=" ">
      <subfield code="a">Amsterdam :</subfield>
      <subfield code="b">M. &amp; F.C. Westerman,</subfield>
      <subfield code="c">[juni 1873]</subfield>
    </datafield>
    <datafield tag="300" ind1=" " ind2=" ">
      <subfield code="a">12 p. ;</subfield>
      <subfield code="c">23 cm.</subfield>
    </datafield>
    <datafield tag="336" ind1=" " ind2=" ">
      <subfield code="a">tekst</subfield>
      <subfield code="b">txt</subfield>
      <subfield code="2">rdacontent/dut</subfield>
    </datafield>
    <datafield tag="337" ind1=" " ind2=" ">
      <subfield code="a">zonder medium</subfield>
      <subfield code="b">n</subfield>
      <subfield code="2">rdamedia/dut</subfield>
    </datafield>
    <datafield tag="338" ind1=" " ind2=" ">
      <subfield code="a">band</subfield>
      <subfield code="b">nc</subfield>
      <subfield code="2">rdacarrier/dut</subfield>
    </datafield>
    <datafield tag="530" ind1=" " ind2=" ">
      <subfield code="a">Ook beschikbaar in microvorm.</subfield>
    </datafield>
    <datafield tag="530" ind1=" " ind2=" ">
      <subfield code="a">Boek wordt verfilmd Metamorfoze UBU.</subfield>
    </datafield>
    <datafield tag="650" ind1=" " ind2="7">
      <subfield code="a">Belastingen.</subfield>
      <subfield code="2">trfarn</subfield>
    </datafield>
    <datafield tag="758" ind1=" " ind2=" ">
      <subfield code="a">Aan alle eigenaren van gebouwen, waarschuwing tegen het Wetsontwerp tot Herziening der kadastrale huurwaarde (Text)</subfield>
      <subfield code="1">https://id.oclc.org/worldcat/entity/E39PD3yC9gcvHKJycymjKjBhQC</subfield>
      <subfield code="4">https://id.oclc.org/worldcat/ontology/hasWork</subfield>
    </datafield>
    <datafield tag="776" ind1="0" ind2=" ">
      <subfield code="t">Aan alle eigenaren van gebouwen, waarschuwing tegen het Wetsontwerp tot Herziening der kadastrale huurwaarde</subfield>
      <subfield code="w">(NL-LeOCL)393913058</subfield>
    </datafield>
    <datafield tag="776" ind1="0" ind2=" ">
      <subfield code="t">Aan alle eigenaren van gebouwen, waarschuwing tegen het Wetsontwerp tot Herziening der kadastrale huurwaarde</subfield>
      <subfield code="w">(NL-LeOCL)422189006</subfield>
    </datafield>
    <datafield tag="856" ind1="4" ind2="2">
      <subfield code="y">digitale versie</subfield>
      <subfield code="q">jpeg/tiff/pdf</subfield>
      <subfield code="u">https://rozet.nl/catalogus/644153</subfield>
    </datafield>
    <datafield tag="936" ind1=" " ind2=" ">
      <subfield code="a">BATCHLOAD</subfield>
    </datafield>
  </record>